00440cam a22001572 4500001001100000005001700011008004100028020002800069040001500097050002200112245003200134250001200166260003800178300001800216650004800234000000024120151217161126.0070117s xx 000 0 eng d a0007191537 :cKES 2,840 aKABUcKABU 0aPE1628b.C65 200510aCollins English dictionary. a7th ed. aGlasgow :bHarper Collins,c2005. axiii, 1871 p. 0aEnglish languagevDictionaries.@0000148334